Estructuras de matemáticas discretas para la computación / Bernard Kolman, Robert C. Busby, Sharon Ross (Registro nro. 15520)
[ vista simple ]
| 000 -LÍDER | |
|---|---|
| fixed length control field | 00583nam a2200169 4500 |
| 008 - ELEMENTOS DE LONGITUD FIJA -- INFORMACIÓN GENERAL | |
| fixed length control field | 0 1997 0a 000 0MEX |
| 020 ## - NÚMERO INTERNACIONAL NORMALIZADO PARA LIBROS | |
| ISBN | 968-880-799-0 |
| 050 ## - SIGNATURA TOPOGRAFICA DE LA BIBLIOTECA DEL CONGRESO (LC) | |
| Número de Clasificación | QA76 9 K6418 |
| 082 ## - NUMERO DE CLASIFICACION DECIMAL DEWEY | |
| Número de Clasificación | 511 K243e |
| 100 ## - ASIENTO PRINCIPAL--NOMBRE PERSONAL | |
| Nombre personal | Kolman, Bernard |
| 245 ## - TÍTULO | |
| Título | Estructuras de matemáticas discretas para la computación / Bernard Kolman, Robert C. Busby, Sharon Ross |
| 250 ## - MENCIÓN DE EDICIÓN | |
| Mención de edición | 3 |
| 260 ## - PUBLICACIÓN, DISTRIBUCIÓN, ETC. (PIE DE IMPRENTA) | |
| Lugar de publicación, distribución, etc. | México : Pearson Educación |
| 300 ## - DESCRIPCIÓN FÍSICA | |
| Extensión | xviii, 524 p. / 24 cm. |
| 650 ## - ASIENTO SECUNDARIO DE MATERIA - TERMINO TEMÁTICO | |
| Término temático o nombre geográfico como elemento de entrada | 1.PROCESAMIENTO ELECTRONICO DE DATOS-MATEMATICAS |
| 700 ## - ASIENTO SECUNDARIO - NOMBRE PERSONAL | |
| Nombre personal | Busby, Robert C. Coaut. \ Ross, Sharon, Coaut. |
| No. biblioteca | No. biblioteca | Número de clasificación | Código de barras/Número de adquisición | Número de copia | Tipo de material |
|---|---|---|---|---|---|
| LUIS G. INCLAN | LUIS G. INCLAN | 511 K243e | 40904 | 59 | Libros |
| LUIS G. INCLAN | LUIS G. INCLAN | 511 K243e | 30037 | 32 | Libros |
| LUIS G. INCLAN | LUIS G. INCLAN | 511 K243e | 30074 | 33 | Libros |
| LUIS G. INCLAN | LUIS G. INCLAN | 511 K243e | 31713 | 34 | Libros |
| LUIS G. INCLAN | LUIS G. INCLAN | 511 K243e | 31714 | 35 | Libros |
| LUIS G. INCLAN | LUIS G. INCLAN | 511 K243e | 31796 | 36 | Libros |
| LUIS G. INCLAN | LUIS G. INCLAN | 511 K243e | 32865 | 37 | Libros |
| LUIS G. INCLAN | LUIS G. INCLAN | 511 K243e | 32866 | 38 | Libros |
| LUIS G. INCLAN | LUIS G. INCLAN | 511 K243e | 33586 | 39 | Libros |
| LUIS G. INCLAN | LUIS G. INCLAN | 511 K243e | 33587 | 40 | Libros |
| LUIS G. INCLAN | LUIS G. INCLAN | 511 K243e | 33588 | 41 | Libros |
| LUIS G. INCLAN | LUIS G. INCLAN | 511 K243e | 33891 | 42 | Libros |
| LUIS G. INCLAN | LUIS G. INCLAN | 511 K243e | 33892 | 43 | Libros |
| LUIS G. INCLAN | LUIS G. INCLAN | 511 K243e | 34211 | 44 | Libros |
| LUIS G. INCLAN | LUIS G. INCLAN | 511 K243e | 34571 | 45 | Libros |
| LUIS G. INCLAN | LUIS G. INCLAN | 511 K243e | 34572 | 46 | Libros |
| LUIS G. INCLAN | LUIS G. INCLAN | 511 K243e | 34573 | 47 | Libros |
| LUIS G. INCLAN | LUIS G. INCLAN | 511 K243e | 34861 | 48 | Libros |
| LUIS G. INCLAN | LUIS G. INCLAN | 511 K243e | 34862 | 49 | Libros |
| LUIS G. INCLAN | LUIS G. INCLAN | 511 K243e | 34863 | 50 | Libros |
| LUIS G. INCLAN | LUIS G. INCLAN | 511 K243e | 34864 | 51 | Libros |
| LUIS G. INCLAN | LUIS G. INCLAN | 511 K243e | 35199 | 52 | Libros |
| LUIS G. INCLAN | LUIS G. INCLAN | 511 K243e | 35200 | 53 | Libros |
| LUIS G. INCLAN | LUIS G. INCLAN | 511 K243e | 35201 | 54 | Libros |
| LUIS G. INCLAN | LUIS G. INCLAN | 511 K243e | 36289 | 55 | Libros |
| LUIS G. INCLAN | LUIS G. INCLAN | 511 K243e | 36290 | 56 | Libros |
| LUIS G. INCLAN | LUIS G. INCLAN | 511 K243e | 36291 | 57 | Libros |
| LUIS G. INCLAN | LUIS G. INCLAN | 511 K243e | 36516 | 58 | Libros |
| LUIS G. INCLAN | LUIS G. INCLAN | 511 K243e | 28724 | 29 | Libros |
| LUIS G. INCLAN | LUIS G. INCLAN | 511 K243e | 20951 | 31 | Libros |
| LUIS G. INCLAN | LUIS G. INCLAN | 511 K243e | 28725 | 30 | Libros |
| LUIS G. INCLAN | LUIS G. INCLAN | 511 K243e | 28723 | 28 | Libros |
| LUIS G. INCLAN | LUIS G. INCLAN | 511 K243e | 28721 | 26 | Libros |
| LUIS G. INCLAN | LUIS G. INCLAN | 511 K243e | 22938 | 21 | Libros |
| LUIS G. INCLAN | LUIS G. INCLAN | 511 K243e | 12497 | 4 | Libros |
| LUIS G. INCLAN | LUIS G. INCLAN | 511 K243e | 25131 | 24 | Libros |
| ÁREA DE BÁSICAS | ÁREA DE BÁSICAS | 511 K243e | 12656 | 6 | Libros |
| ÁREA DE BÁSICAS | ÁREA DE BÁSICAS | 511 K243e | 16184 | 8 | Libros |
| ÁREA DE BÁSICAS | ÁREA DE BÁSICAS | 511 K243e | 17197 | 9 | Libros |
| ÁREA DE BÁSICAS | ÁREA DE BÁSICAS | 511 K243e | 22939 | 22 | Libros |
| ÁREA DE BÁSICAS | ÁREA DE BÁSICAS | 511 K243e | 22940 | 23 | Libros |
| ÁREA DE BÁSICAS | ÁREA DE BÁSICAS | 511 K243e | 25132 | 25 | Libros |
| ÁREA DE BÁSICAS | ÁREA DE BÁSICAS | 511 K243e | 12494 | 1 | Libros |
